书目信息 |
| 题名: |
模糊边缘
|
|
| 作者: | 斯特拉罕 编 ;秦含璞 译 | |
| 分册: | 下 | |
| 出版信息: | 北京 新星出版社 2024.12 |
|
| 页数: | 2册 (23, 301, 317页) | |
| 开本: | 22cm | |
| 丛书名: | 幻象文库 | |
| 单 册: | ||
| 中图分类: | I14 | |
| 科图分类: | ||
| 主题词: | 幻想小说--huan xiang xiao shuo--小说集--世界--现代 , 短篇小说--duan pian xiao shuo--小说集--世界--现代 | |
| 电子资源: | ||
| ISBN: | 978-7-5133-5735-7 | |
| 000 | 01450nam 2200325 450 | |
| 001 | CAL 012025012276 | |
| 005 | 20250925191450.69 | |
| 010 | @a978-7-5133-5735-7@dCNY44.00 | |
| 099 | @aCAL 012025012276 | |
| 100 | @a20250113d2024 em y0chiy0120 ea | |
| 101 | 1 | @achi@ceng |
| 102 | @aCN@b110000 | |
| 105 | @ay z 000ay | |
| 106 | @ar | |
| 200 | 1 | @a模糊边缘@Amo hu bian yuan@e最佳科幻小说选集@f(澳) 乔纳森·斯特拉罕编@g秦含璞译@h下 |
| 210 | @a北京@c新星出版社@d2024.12 | |
| 215 | @a2册 (23, 301, 317页)@d22cm | |
| 225 | 2 | @a幻象文库@Ahuan xiang wen ku@i科幻名家短篇小说合集@v075 |
| 314 | @a乔纳森·斯特拉罕 (Jonathan Strahan), 世界奇幻奖获得者、全球知名的资深编辑, 近十年来多次获得雨果奖最佳编辑提名, 2021年获得轨迹奖最佳编辑提名。 | |
| 330 | @a本书收录了美国尽头的书店、银河旅游业复合体、卡莉-纳、鸟之歌、树林画家、斯基德普拉特尼号的最后一次航行、坚固的灯笼和梯子、2059年, 富家子弟依然顺风顺水、诺克坦布洛斯家的瘟疫黎明节、潜水艇、我总会知道、风暴目录等。 | |
| 410 | 0 | @12001 @a幻象文库@i科幻名家短篇小说合集@v075 |
| 517 | 1 | @a最佳科幻小说选集@Azui jia ke huan xiao shuo xuan ji |
| 606 | 0 | @a幻想小说@Ahuan xiang xiao shuo@x小说集@y世界@z现代 |
| 606 | 0 | @a短篇小说@Aduan pian xiao shuo@x小说集@y世界@z现代 |
| 690 | @aI14@v5 | |
| 701 | 1 | @a斯特拉罕@Asi te la han@g(Strahan, Jonathan)@4编 |
| 702 | 0 | @a秦含璞@Aqin han pu@4译 |
| 801 | 0 | @aCN@c20250920 |
| 905 | @a河南城建学院图书馆@dI14@eS709:2@ZS709:2@f1 | |
| 998 | @aPUL | |
| 模糊边缘:最佳科幻小说选集/(澳) 乔纳森·斯特拉罕编/秦含璞译.下.-北京:新星出版社,2024.12 |
| 2册 (23, 301, 317页);22cm.-(幻象文库.科幻名家短篇小说合集;075) |
| ISBN 978-7-5133-5735-7:CNY44.00 |
| 本书收录了美国尽头的书店、银河旅游业复合体、卡莉-纳、鸟之歌、树林画家、斯基德普拉特尼号的最后一次航行、坚固的灯笼和梯子、2059年, 富家子弟依然顺风顺水、诺克坦布洛斯家的瘟疫黎明节、潜水艇、我总会知道、风暴目录等。 |
| ● |
| 相关链接 |
|
|
|
正题名:模糊边缘
索取号:I14/S709:2
 
预约/预借
| 序号 | 登录号 | 条形码 | 馆藏地/架位号 | 状态 | 备注 |
| 1 | 1637894 | 216378943 | 文学库108/108文学库 4排1列4层/ [索取号:I14/S709:2] | 在馆 |